| 000 | 00513nam a22002057a 4500 | ||
|---|---|---|---|
| 001 | 0171 | ||
| 003 | DO-SdBNP | ||
| 005 | 20180131133717.0 | ||
| 007 | 0171 | ||
| 008 | 151005b 1980 xxu 00| 0 spa d | ||
| 020 | _a0590445510 | ||
| 040 |
_aBPMSU _bspa _cBPMSU |
||
| 100 | 1 | _aMcGraw, Eloise Jarvis | |
| 245 | 1 | 0 |
_aMoccasin trail / _cEloise Jarvis McGraw. |
| 260 |
_aNew York : _bScholastic, _c1980. |
||
| 300 |
_a247 p ; _c20cm. |
||
| 942 |
_2ddc _cBK |
||
| 945 | _aInventariado, 2018 /LP | ||
| 956 |
_aYngrid Lockward _b10 |
||
| 999 |
_c9224 _d9224 |
||